Tập quán canh tác của một số dân tộc ở vùng trung du và miền núi phía Bắc /

Na minha lista:
Detalhes bibliográficos
Autor principal: Dương Quỳnh Phương, TS.
Outros Autores: Lí Thị Huệ.
Formato: Artigo
Idioma:Vietnamese
Assuntos:
Tags: Adicionar Tag
Sem tags, seja o primeiro a adicionar uma tag!
Thư viện lưu trữ: Thư viện Trường Đại học Đà Lạt
LEADER 00957nam a2200301 4500
001 DLU150171949
005 ##20151007
040 # # |a DLU  |b vie 
041 # # |a vie 
044 # # |a vn 
100 # # |a Dương Quỳnh Phương,   |c TS. 
245 # # |a Tập quán canh tác của một số dân tộc ở vùng trung du và miền núi phía Bắc /  |c Dương Quỳnh Phương, Lí Thị Huệ. 
653 # # |a Dân tộc thiểu số 
653 # # |a Miền núi phía Bắc 
653 # # |a Sản xuất 
653 # # |a Tập quán 
653 # # |a Trung du 
700 # # |a Lí Thị Huệ. 
773 # # |t Tạp chí Dân tộc và thời đại  |g Số 139-140, tháng 4/2011, tr.43-45 
920 # # |a Phòng Tạp chí -- Trung tâm Thông tin - Thư viện Trường Đại học Đà Lạt 
994 # # |a DLU 
900 # # |a True 
911 # # |a Trần Thị Minh Hương 
925 # # |a G 
926 # # |a A 
927 # # |a BB 
980 # # |a Thư viện Trường Đại học Đà Lạt